|
|
|
|
| LEADER |
00000nam0a2200000 4500 |
| 001 |
94197 |
| 005 |
20231031105539.0 |
| 010 |
|
|
|a 5699131884
|b 20000 экз.
|
| 021 |
|
|
|a RU
|b 05-70293
|9 05-3462
|
| 035 |
|
|
|a (RuTPU)RU\TPU\book\100889
|
| 090 |
|
|
|a 94197
|
| 100 |
|
|
|a 20060407d2005 m y0rusy5002 ca
|
| 101 |
0 |
|
|a rus
|
| 102 |
|
|
|a RU
|
| 105 |
|
|
|a y z 001ay
|
| 200 |
1 |
|
|a У Билли есть хреновина
|e повести
|f О. И. Дивов
|g худож. А. Дубовик
|
| 210 |
|
|
|a Москва
|c Эксмо
|d 2005
|
| 215 |
|
|
|a 346, [1] с.
|
| 225 |
1 |
|
|a Абсолютное оружие
|e АО
|
| 320 |
|
|
|a Аннотированная библиогр. О. Дивова: с. 327-346.
|
| 330 |
|
|
|a Ни одного нецензурного слова. Ни одного убийства. Ни одной сексуальной сцены. Только ругань, насилие и любовь. Такова новая повесть Олега Дивова, которую автор называет «приземленной космической оперой». Ее герои, Билли и Айвен, — чистое стихийное бедствие. Они вооружены, а их машины умеют летать в космос. Упав с неба на тихий американский городок, эти двое все перевернут вверх дном и всех поставят на уши. Не нарочно. Просто их попросят о помощи. А все из-за Билли, у которого есть одна волшебная хреновина. Шеф полиции еще пожалеет о своей просьбе, город понесет материальный ущерб, да и военно-космическим силам Земли достанется на орехи. Бей Чужих, спасай Галактику! Также в сборнике: «Другие Действия», почти не фантастическая повесть о том, как попытка имитировать полноценную жизнь в сети Интернет приводит к реальным смертям...
|
| 610 |
1 |
|
|a романы
|
| 610 |
1 |
|
|a боевики
|
| 610 |
1 |
|
|a русская литература
|
| 610 |
1 |
|
|a научная фантастика
|
| 675 |
|
|
|a Р2
|v 3
|z rus
|
| 700 |
|
1 |
|a Дивов
|b О. И.
|g Олег Игоревич
|4 070
|
| 702 |
|
1 |
|a Дубовик
|b А.
|4 440
|
| 801 |
|
0 |
|a RU
|b RKP
|c 20060127
|g PSBO
|
| 801 |
|
1 |
|a RU
|b 63413507
|c 20060407
|g PSBO
|
| 801 |
|
2 |
|a RU
|b 63413507
|c 20060510
|g PSBO
|
| 942 |
|
|
|c BK
|